000 00613cam a22002053a 4500
001 39080
003 PGUSA
005 20140828083851.0
008 120308s2012||||xxu|||||s|||||000 | eng d
040 _aPGUSA
_beng
042 _adc
100 1 _aSargent, Lucius M.,
_d1786-1867
245 1 0 _aMy Mother's Gold Ring Founded on Fact :
_bEighth Edition
_h[electronic resource] /
_cLucius M. Sargent
260 _bProject Gutenberg,
_c2012
506 _aPublic domain in the USA.
516 _aElectronic text
830 0 _aProject Gutenberg
_v39080
856 4 0 _uhttp://www.gutenberg.org/ebooks/39080
942 _cEB
999 _c268333
_d268333